000 00543nam a2200169Ia 4500
003 LDD
008 190117s9999 xx 000 0 und d
020 _c₹65
040 _cLDD
041 _ahi
082 _a8S1.09 मि692का
100 _aमिश्र, विद्यानिवास
245 0 _aकालिदास से साक्षात्कार
_cविद्यानिवास मिश्र
260 _aमेरठ
_bभारतीय साहित्य
_c1995
300 _a115
942 _2ddc
_cH
999 _c166727
_d166727